Zvýšenie úrovne bezpečnosti domácej LAN siete

Saved in:
Bibliographic Details
Main Author: Kamas, Ivan (Author)
Other Authors: Galinski, Marek (Thesis advisor)
Format: Manuscript Book
Language:Slovak
Published: 2021
Subjects:
Online Access:http://is.stuba.sk/zp/portal_zp.pl?podrobnosti=143825
Tags: Add Tag
No Tags, Be the first to tag this record!

MARC

LEADER 00000ntm a22000003a 4500
001 stuzp85420
003 SK-STU
005 20210626212053.0
007 ta
008 150427s2015----xo-----f-mn---000-0-slo-d
040 |a STU  |b slo 
041 0 |a slo 
100 1 |a Kamas, Ivan  |u 070400  |4 aut  |U FIIT Fakulta informatiky a informačných technológií  |T FIIT Ústav počítačového inžinierstva a aplikovanej informatiky  |X 92044  |U I400  |Y 672  |7 92044 
242 0 1 |a Increase the security level of your home LAN  |y eng 
245 1 0 |a Zvýšenie úrovne bezpečnosti domácej LAN siete 
260 |c 2021 
650 4 |a LAN  |2 slo 
650 4 |a bezpečnosť  |2 slo 
650 4 |a internetový skener  |2 slo 
650 4 |a útoky na sieti  |2 slo 
650 4 |a LAN  |2 eng 
650 4 |a security  |2 eng 
650 4 |a network attacks  |2 eng 
650 4 |a internet scanner  |2 eng 
700 1 |a Galinski, Marek  |u 070400  |k Z1  |4 ths  |U FIIT Fakulta informatiky a informačných technológií  |T FIIT Ústav počítačového inžinierstva a aplikovanej informatiky  |X 8412  |U I400  |Y 672  |7 8412 
856 4 |u http://is.stuba.sk/zp/portal_zp.pl?podrobnosti=143825